Microsoft Excel 97 developer's handbook (Record no. 6163)

000 -LEADER
fixed length control field 00608 a2200205 4500
020 ## - INTERNATIONAL STANDARD BOOK NUMBER
International Standard Book Number 1-57231-359-5
040 ## - CATALOGING SOURCE
Original cataloging agency DLC
Language of cataloging DLC
082 ## - DEWEY DECIMAL CLASSIFICATION NUMBER
Classification number 005.369
082 ## - DEWEY DECIMAL CLASSIFICATION NUMBER
Classification number 005.369
082 ## - DEWEY DECIMAL CLASSIFICATION NUMBER
Classification number 005.369
100 1# - MAIN ENTRY--PERSONAL NAME
Personal name Wells, Eric
245 00 - TITLE STATEMENT
Title Microsoft Excel 97 developer's handbook
Statement of responsibility, etc. Eric Wells, Steve Harshbarger
260 ## - PUBLICATION, DISTRIBUTION, ETC.
Place of publication, distribution, etc. Redmond, Wash. :
Name of publisher, distributor, etc. Microsoft Press,
Date of publication, distribution, etc. cop. 1997
300 ## - PHYSICAL DESCRIPTION
Extent xxvi, 623 s. :
Other physical details ill.
650 #0 - SUBJECT ADDED ENTRY--TOPICAL TERM
Topical term or geographic name entry element Business
General subdivision Computer programs
650 #0 - SUBJECT ADDED ENTRY--TOPICAL TERM
Topical term or geographic name entry element Electronic spreadsheets
650 #0 - SUBJECT ADDED ENTRY--TOPICAL TERM
Topical term or geographic name entry element Computer software
General subdivision Development
-- Software
700 1# - ADDED ENTRY--PERSONAL NAME
Personal name Harshbarger, Steve
942 ## - ADDED ENTRY ELEMENTS (KOHA)
Koha item type Book
Call number prefix 005.369 WEL
Source of classification or shelving scheme
Holdings
Withdrawn status Lost status Damaged status Not for loan Collection code Permanent Location Current Location Shelving location Date acquired Source of acquisition Total Checkouts Full call number Barcode Date last seen Price effective from Koha item type
          Central Library (CL) Central Library (CL) First Floor - Software Engineering/ Programming Language 09/06/2001 Donation   005.369 WEL SEECS001340 11/14/2012 01/05/2017 Book
© 2023 Central Library, National University of Sciences and Technology. All Rights Reserved.